|
|
|
|
| LEADER |
00000nam0a2200000 4500 |
| 001 |
106695 |
| 005 |
20231031115013.0 |
| 035 |
|
|
|a (RuTPU)RU\TPU\book\115214
|
| 090 |
|
|
|a 106695
|
| 100 |
|
|
|a 20061211d1971 m y0rusy50 ca
|
| 101 |
0 |
|
|a rus
|
| 102 |
|
|
|a RU
|
| 105 |
|
|
|a ab z 001zy
|
| 200 |
1 |
|
|a Геология и нефтегазоносность Алжирской Сахары
|f Н. А. Лаусин [и др.]
|g под ред. М. Ф. Мирчинка и М. М. Алиева
|
| 210 |
|
|
|a Москва
|c Недра
|d 1971
|
| 215 |
|
|
|a 329 с.
|c ил.
|e 11 отд. л. схем. и карт.
|
| 320 |
|
|
|a Литература: с. 327-328.
|
| 610 |
1 |
|
|a геология
|
| 610 |
1 |
|
|a нефтегазоносность
|
| 610 |
1 |
|
|a Алжир
|
| 610 |
1 |
|
|a Сахара
|
| 610 |
1 |
|
|a литолого-стратиграфический очерк
|
| 610 |
1 |
|
|a докембрий
|
| 610 |
1 |
|
|a палеозой
|
| 610 |
1 |
|
|a мезозой
|
| 610 |
1 |
|
|a тектоника
|
| 610 |
1 |
|
|a гидрогеология
|
| 610 |
1 |
|
|a нефтегазоносные отложения
|
| 610 |
1 |
|
|a газовые месторождения
|
| 610 |
1 |
|
|a нефтяные месторождения
|
| 610 |
1 |
|
|a нефть
|
| 610 |
1 |
|
|a газ
|
| 610 |
1 |
|
|a триасовая провинция
|
| 610 |
1 |
|
|a нефтеносные районы
|
| 610 |
1 |
|
|a газоносные районы
|
| 675 |
|
|
|a 55(6)
|v 3
|
| 675 |
|
|
|a 553.98(6)
|v 3
|
| 701 |
|
1 |
|a Лаусин
|b Н. А.
|g Нордин Аит
|
| 701 |
|
1 |
|a Алиев
|b М. М.
|g Муса Мирзоевич
|
| 701 |
|
1 |
|a Корж
|b М. В.
|g Михаил Васильевич
|
| 701 |
|
1 |
|a Мкртчян
|b О. М.
|g Олег Мкртычевич
|
| 701 |
|
1 |
|a Оруджева
|b Д. С.
|g Диляра Сабитовна
|
| 702 |
|
1 |
|a Мирчинк
|b М. Ф.
|g Михаил Федорович
|4 340
|
| 702 |
|
1 |
|a Алиев
|b М. М.
|g Муса Мирзоевич
|4 340
|
| 801 |
|
1 |
|a RU
|b 63413507
|c 20061211
|g PSBO
|
| 801 |
|
2 |
|a RU
|b 63413507
|c 20071030
|g PSBO
|
| 942 |
|
|
|c BK
|